Islam: its origin and spread in words, maps and pictures / (Record no. 20431)

MARC details
000 -LEADER
fixed length control field 00756cam a22002531 4500
001 - CONTROL NUMBER
control field 9843658
003 - CONTROL NUMBER IDENTIFIER
control field BDDh-ASL
005 - DATE AND TIME OF LATEST TRANSACTION
control field 20231015025904.0
008 - FIXED-LENGTH DATA ELEMENTS--GENERAL INFORMATION
fixed length control field 740529s1962 nyua 000 0 eng
010 ## - LIBRARY OF CONGRESS CONTROL NUMBER
LC control number 62009943
035 ## - SYSTEM CONTROL NUMBER
System control number (OCoLC)900245
040 ## - CATALOGING SOURCE
Original cataloging agency DLC
Transcribing agency OTU
Modifying agency OCoLC
-- MoCanC
-- DLC
-- BDDh-ASL
042 ## - AUTHENTICATION CODE
Authentication code premarc
050 00 - LIBRARY OF CONGRESS CALL NUMBER
Classification number BP50
Item number .V413
082 ## - DEWEY DECIMAL CLASSIFICATION NUMBER
Classification number 297.09
Item number VEI
100 1# - MAIN ENTRY--PERSONAL NAME
Personal name Verhoeven, F. R. J.
245 00 - TITLE STATEMENT
Title Islam: its origin and spread in words, maps and pictures /
260 ## - PUBLICATION, DISTRIBUTION, ETC.
Place of publication, distribution, etc. New York:
Name of publisher, distributor, etc. St Martin's Press
Date of publication, distribution, etc. [c1962]
300 ## - PHYSICAL DESCRIPTION
Extent 87, 32 p.
Other physical details ill. (some col.)
Dimensions 22 cm.
490 0# - SERIES STATEMENT
Series statement Concise histories of world religions
650 #0 - SUBJECT ADDED ENTRY--TOPICAL TERM
Topical term or geographic name entry element Islam
General subdivision History.
906 ## - LOCAL DATA ELEMENT F, LDF (RLIN)
a 7
b cbc
c oclcrpl
d u
e ncip
f 19
g y-gencatlg
942 ## - ADDED ENTRY ELEMENTS (KOHA)
Source of classification or shelving scheme Dewey Decimal Classification
Koha item type Books
Holdings
Withdrawn status Lost status Source of classification or shelving scheme Damaged status Not for loan Collection code Home library Current library Shelving location Date acquired Source of acquisition Total Checkouts Full call number Barcode Date last seen Copy number Price effective from Koha item type
    Dewey Decimal Classification     Non-fiction Asiatic Society Library Asiatic Society Library General Stacks 01/09/2021 ASB Collection   297.09 VEI 103876 01/09/2021 C-1 01/09/2021 Books

Powered by Koha